| 000 | 00562nam a22001937a 4500 | ||
|---|---|---|---|
| 003 | CEME | ||
| 005 | 20210628203058.0 | ||
| 008 | 210201b xxu||||| |||| 00| 0 eng d | ||
| 020 | _a9781420065626 | ||
| 040 | _c. | ||
| 082 | _a621 GIU | ||
| 100 |
_aGiurgiutiu, Victor , Lyshevski, Sergey Edward _963198 |
||
| 245 | _aMicromechatronics , modeling, analysis, and design with matlab | ||
| 250 | _a2ND | ||
| 260 |
_aLONDON _bCRC PRESS _c2009 |
||
| 300 | _aXXVIII,920P | ||
| 650 |
_aMECHATRONICS.MICROELECTROMECHANICAL SYSTEMS.MATLAB _963199 |
||
| 942 |
_cBK _2ddc |
||
| 999 |
_c572095 _d572095 |
||